Food for us all
This yearbook tells agriculture's story in term of food - how it's produced by the farmer, how it's marketed, and how the consumer can use it to best advantate in the home.
Na minha lista:
| Autores corporativos: | , |
|---|---|
| Formato: | Livro |
| Idioma: | Undetermined |
| Publicado em: |
Washington
United States government printing office
1969
|
| Assuntos: | |
| Tags: |
Adicionar Tag
Sem tags, seja o primeiro a adicionar uma tag!
|
| Thư viện lưu trữ: | Trung tâm Học liệu Trường Đại học Cần Thơ |
|---|
| LEADER | 00746nam a2200205Ia 4500 | ||
|---|---|---|---|
| 001 | CTU_229067 | ||
| 008 | 210402s9999 xx 000 0 und d | ||
| 082 | |a 641.3 | ||
| 082 | |b D419 | ||
| 110 | |a United States. | ||
| 110 | |b Department of Agriculture | ||
| 245 | 0 | |a Food for us all | |
| 245 | 0 | |c United States. Department of Agriculture | |
| 260 | |a Washington | ||
| 260 | |b United States government printing office | ||
| 260 | |c 1969 | ||
| 520 | |a This yearbook tells agriculture's story in term of food - how it's produced by the farmer, how it's marketed, and how the consumer can use it to best advantate in the home. | ||
| 650 | |a Thực phẩm,Food | ||
| 910 | |b dqhieu | ||
| 980 | |a Trung tâm Học liệu Trường Đại học Cần Thơ | ||